| 000 -LEADER |
| fixed length control field |
00769nam a22002057a 4500 |
| 001 - CONTROL NUMBER |
| control field |
19406 |
| 003 - CONTROL NUMBER IDENTIFIER |
| control field |
BD-DhUAP |
| 005 - DATE AND TIME OF LATEST TRANSACTION |
| control field |
20201116121324.0 |
| 008 - FIXED-LENGTH DATA ELEMENTS--GENERAL INFORMATION |
| fixed length control field |
201116s2006 bg |||| |||| 000 0 ben d |
| 020 ## - INTERNATIONAL STANDARD BOOK NUMBER |
| International Standard Book Number |
9848420592 |
| 040 ## - CATALOGING SOURCE |
| Original cataloging agency |
BD-DhUAP |
| Language of cataloging |
Ben |
| Transcribing agency |
BD-DhUAP |
| Modifying agency |
BD-DhUAP |
| 082 ## - DEWEY DECIMAL CLASSIFICATION NUMBER |
| Edition number |
23 |
| Classification number |
891.443 CHO |
| 100 ## - MAIN ENTRY--PERSONAL NAME |
| Personal name |
চৌধুরী, সিরাজুল ইসলাম। |
| 245 ## - TITLE STATEMENT |
| Title |
শরৎচন্দ্র ও সামন্তবাদ / |
| Statement of responsibility, etc. |
সিরাজুল ইসলাম চৌধুরী। |
| 250 ## - EDITION STATEMENT |
| Edition statement |
নতুন সংস্করণ। |
| 260 ## - PUBLICATION, DISTRIBUTION, ETC. |
| Place of publication, distribution, etc. |
ঢাকা : |
| Name of publisher, distributor, etc. |
সাহিত্য বিলাস, |
| Date of publication, distribution, etc. |
c২০০৬। |
| 300 ## - PHYSICAL DESCRIPTION |
| Extent |
১১২ পৃষ্ঠা ; |
| Dimensions |
২২ সেমি.। |
| 650 ## - SUBJECT ADDED ENTRY--TOPICAL TERM |
| Topical term or geographic name entry element |
Bengali novel |
| 942 ## - ADDED ENTRY ELEMENTS (KOHA) |
| Source of classification or shelving scheme |
|
| Koha item type |
Book |